| Поле | Инд. | ПП | Название | Значение |
|---|---|---|---|---|
| Тип записи | a | |||
| Библиографический уровень | b | |||
| 001 | Контрольный номер | RU/IS/BASE/106671984 | ||
| 005 | Дата корректировки | 20200601191519.3 | ||
| 084 | a | Индекс другой классификации/Индекс ББК | 66.1(0)4-13 | |
| a | Индекс другой классификации/Индекс ББК | 87.3(0)4-401 | ||
| a | Индекс другой классификации/Индекс ББК | 60.027.9; 66.01 | ||
| 100 | 1_ | a | Автор | Самсонова Т. Н. |
| 245 | 10 | a | Заглавие | Гуманистический антропологизм и представления о равенстве |
| 504 | a | Библиография | Библиогр. ссылки | |
| 650 | 04 | a | Основная рубрика | история политических учений |
| a | Основная рубрика | история философии | ||
| a | Основная рубрика | политика | ||
| a | Основная рубрика | социальная философия | ||
| a | Основная рубрика | философия | ||
| 653 | 0_ | a | Ключевые слова | XIV век |
| a | Ключевые слова | XV век | ||
| a | Ключевые слова | XVI век | ||
| a | Ключевые слова | XVII век | ||
| a | Ключевые слова | Возрождение (Ренессанс) | ||
| a | Ключевые слова | гуманизм | ||
| a | Ключевые слова | гуманистическая идеология | ||
| a | Ключевые слова | гуманисты | ||
| a | Ключевые слова | Европа | ||
| a | Ключевые слова | новое время | ||
| a | Ключевые слова | общественные отношения | ||
| a | Ключевые слова | равенство | ||
| a | Ключевые слова | христианский гуманизм | ||
| 773 | 18 | t | Заглавие источника | Вестник Московского университета. Серия 18, Социология и политология |
| d | Дата издания источника | 2002 | ||
| g | Прочая информация | № 2. - С. 80 - 98 | ||
| w | Контрольный № источника | RU/IS/BASE/148577961 | ||
| 901 | t | Тип документа | b |